[Event "Podolsk"]
[Site "Podolsk"]
[Date "1993.??.??"]
[Round "?"]
[White "Dvoirys, Semen I"]
[Black "Shneider, Aleksandr"]
[Result "1/2-1/2"]
[WhiteElo "2590"]
[BlackElo "2560"]
[Annotator "Chekhov,V"]
[PlyCount "74"]
[EventDate "1993.10.??"]
[EventType "tourn"]
[EventRounds "9"]
[EventCountry "RUS"]
[EventCategory "14"]
[SourceTitle "CBM 038"]
[Source "ChessBase"]
[SourceDate "1994.02.01"]
[SourceVersion "1"]
[SourceVersionDate "1994.02.01"]
[SourceQuality "1"]

1. e4 c5 2. Nf3 d6 3. d4 cxd4 4. Nxd4 Nf6 5. Nc3 a6 6. f4 e5 7. Nf3 Nbd7 8. a4
Be7 9. Bd3 O-O 10. O-O exf4 (10... Nc5 11. Kh1 (11. fxe5 dxe5 12. Kh1 Qd6 13.
Bg5 Be6 14. Qe2 Rac8 15. Nh4 Nxd3 16. cxd3 Rfd8 17. Rad1 {Garcia,G-Rodriguez,
Am /Bogota/1992 Inf 56/280; 17... Bg4!=/+/}) 11... d5 12. Nxe5 Ncxe4 13. Be3
Bf5 14. Ne2 Bg4 $1 15. Qe1 Bxe2 16. Qxe2 Bc5 17. c3 Qb6 18. Rf3 $14 {Goth,
A-Bangiev,A /corr/1992 Inf 55/265/}) 11. Kh1 (11. Bxf4 Nc5 (11... Qb6+ 12. Kh1
Qxb2 13. Qe1 Qb4 14. Rb1 Qc5 15. Nd5 Nxd5 16. exd5 Bf6 17. c4 $1 Qc7 18. Qg3
Ne5 19. Bg5 Bxg5 20. Bxh7+ $16 {Vogt,L-Womacka,M /DDR/1989 Inf 47/322/}) 12.
Kh1 Bd7 13. a5 Rc8 14. Nd4 Ne6 15. Be3 Nxd4 16. Bxd4 Be6 17. Nd5 Nd7 18. Qh5
Bg5 $1 19. Ra3 g6 20. Qf3 Ne5 21. Qg3 Bh4 $10 {Kveinys,A-Lapienis,D /SSSR/1987
Inf 43/321/}) 11... Nh5 $5 $146 (11... Nc5 12. Bxf4 Bd7 13. Qe1 Rc8 14. a5 Re8
15. Be3 Ng4 $1 16. Bd4 Bf6 $1 $10 {Ulibin,M-Pigusov,E /SSSR/1988 Inf 46/336/})
(11... Ne5 12. Bxf4 Qc7 13. Qd2 Be6 14. Nd4 Rfe8 15. Bxe5 dxe5 16. Nxe6 fxe6
17. Qe2 Rad8 18. Nd1 Bc5 19. Ne3 Rf8 {Sherzer,A-Wojtkiewicz,A /Pleasantville/
1993 Inf 57/262/} 20. Nc4 $1 $10) 12. Nd5 Nc5 13. Nd4 g6 14. Nxf4 Nxf4 15. Bxf4
Bg5 $1 $10 16. Qd2 (16. Bg3 Bh4) 16... Bxf4 17. Qxf4 Ne6 18. Qf2 Nxd4 19. Qxd4
Be6 20. a5 (20. c4 Rc8 21. b4 Qg5) 20... Rc8 21. b4 Qc7 22. Rac1 Qc3 23. Qb6 (
23. Qxd6 $2 Rfd8 24. Qb6 Rxd3) 23... Qc7 24. Qa7 Bc4 25. Rcd1 (25. Bxc4 Qxc4
26. Qxb7 Rb8) 25... Bxd3 26. cxd3 Qe7 27. Qd4 (27. Rc1 d5) 27... Rc6 28. Rf3
Rfc8 29. Rdf1 Rc1 30. h3 R8c6 31. Qd5 Rxf1+ 32. Rxf1 Qe6 33. Qg5 Kg7 34. Rf5 $6
f6 35. Qg3 Qb3 36. Rf1 Qxb4 37. Qf2 d5 (37... Qc3 38. d4) (37... d5 38. exd5
Rd6 $13) 1/2-1/2

[Event "Biel U20"]
[Site "Biel"]
[Date "1986.07.28"]
[Round "8"]
[White "Kindermann, Stefan"]
[Black "De Firmian, Nick E"]
[Result "1-0"]
[WhiteElo "2485"]
[BlackElo "2490"]
[Annotator "ChessBase"]
[PlyCount "78"]
[EventDate "1986.07.20"]
[EventType "tourn"]
[EventRounds "11"]
[EventCountry "SUI"]
[EventCategory "7"]
[SourceTitle "MCL"]
[Source "ChessBase"]
[SourceDate "1999.07.01"]
[SourceVersion "1"]
[SourceVersionDate "1999.07.01"]
[SourceQuality "1"]

1. e4 c5 2. Nf3 d6 3. d4 cxd4 4. Nxd4 Nf6 5. Nc3 a6 6. f4 e5 7. Nf3 Nbd7 8. a4
Be7 9. Bd3 O-O 10. O-O Nc5 (10... exf4 11. Kh1 Nc5 12. Bxf4 Bd7 $5 13. Qe2 Rc8
14. a5 Re8 15. Be3 Bf8 16. Bg5 Be7 $10 {Psakhis,L-Pigusov,E/Irkutsk/1986/}) 11.
Kh1 d5 $5 12. Nxe5 $1 dxe4 13. Be2 Qxd1 (13... Qc7 14. Qe1 b6 15. Qg3 Bb7 16.
Be3 Rad8 17. Rad1 Rxd1 $5 18. Rxd1 Rd8 19. Rxd8+ Qxd8 20. Bc4 Nd5 $13) 14. Rxd1
Be6 15. Be3 Rfd8 16. g4 $14 g6 17. g5 Nd5 18. Nxd5 Bxd5 19. b3 Ne6 20. Nc4 Bxc4
21. Bxc4 Bc5 22. Bxc5 Nxc5 23. Kg2 Rac8 24. Kf2 a5 25. Ke3 b6 26. Rxd8+ Rxd8
27. Rf1 Kg7 28. f5 gxf5 29. Rxf5 Rd7 30. h4 Re7 31. Rf6 Nd7 32. Rd6 Ne5 33. Bd5
Ng4+ 34. Ke2 f5 35. Be6 Kg6 36. Bc8+ Kh5 37. Bxf5 Kxh4 38. Bxg4 Kxg4 39. g6 h5
1-0

[Event "Interzonal-14c"]
[Site "Zagreb"]
[Date "1987.??.??"]
[Round "14"]
[White "Hickl, Joerg"]
[Black "Gruenfeld, Yehuda"]
[Result "0-1"]
[WhiteElo "2455"]
[BlackElo "2545"]
[Annotator "ChessBase"]
[PlyCount "84"]
[EventDate "1987.08.01"]
[EventType "tourn"]
[EventRounds "17"]
[EventCountry "YUG"]
[EventCategory "12"]
[SourceTitle "CBM 004"]
[Source "ChessBase"]
[SourceDate "1988.06.01"]
[SourceVersion "1"]
[SourceVersionDate "1988.06.01"]
[SourceQuality "1"]

1. e4 c5 2. Nc3 g6 3. f4 Bg7 4. Nf3 a6 5. d4 cxd4 6. Nxd4 d6 7. Be2 Nd7 8. Be3
Ngf6 9. O-O O-O 10. Nb3 $6 (10. a4 $142 Qc7 11. g4 $5) 10... b5 11. Bf3 Bb7 12.
Qd3 Qc7 13. Rae1 b4 14. Ne2 a5 $17 15. c4 a4 16. Nd2 e5 17. Qb1 Rfe8 18. Kh1
Nc5 19. Bf2 Nfd7 20. Bg4 Bc6 21. Bg3 Nf6 22. Bf3 Qb7 23. fxe5 dxe5 24. Ng1 Bh6
25. Bf2 Bxd2 26. Bxc5 Bxe1 27. Rxe1 Rac8 28. Bf2 b3 29. a3 Kg7 30. Bh4 h6 31.
h3 Nh7 32. Ne2 Bd7 33. Qc1 Qc6 34. Qd2 Be6 35. Rc1 Qd7 36. Qxd7 Bxd7 37. Bf2
Ng5 38. h4 Nxf3 39. gxf3 Be6 40. c5 Red8 41. Nc3 Rd2 42. Bg3 Rxc5 0-1

[Event "Kopavogur"]
[Site "Kopavogur"]
[Date "1994.??.??"]
[Round "?"]
[White "Gislason, Gudmundur"]
[Black "Gretarsson, Andri Ass"]
[Result "1-0"]
[WhiteElo "2325"]
[BlackElo "2355"]
[Annotator "ChessBase"]
[PlyCount "37"]
[EventDate "1994.04.??"]
[EventType "swiss"]
[EventRounds "9"]
[EventCountry "ISL"]
[SourceTitle "CBM 041 Extra"]
[Source "ChessBase"]
[SourceDate "1994.09.01"]
[SourceVersion "1"]
[SourceVersionDate "1994.09.01"]
[SourceQuality "1"]

1. e4 c5 2. Nf3 d6 3. d4 cxd4 4. Nxd4 Nf6 5. Nc3 a6 6. f4 Qc7 7. Bd3 e5 8. Nf3
b5 9. O-O Nbd7 10. Qe1 g6 11. Kh1 Bg7 12. Qh4 O-O 13. fxe5 dxe5 14. Bh6 b4 15.
Bxg7 Kxg7 16. Nd1 h6 17. Ne3 a5 18. g4 Nc5 $4 19. Qxf6+ (19. Qxf6+ Kxf6 20.
Nd5+ $18) 1-0

[Event "Andorra op 14th"]
[Site "Andorra"]
[Date "1996.??.??"]
[Round "7"]
[White "Delchev, Aleksander"]
[Black "Psakhis, Lev"]
[Result "0-1"]
[WhiteElo "2510"]
[BlackElo "2590"]
[Annotator "ChessBase"]
[PlyCount "54"]
[EventDate "1996.06.??"]
[EventType "swiss"]
[EventRounds "9"]
[EventCountry "AND"]
[SourceTitle "CBM 054 Extra"]
[Source "ChessBase"]
[SourceDate "1996.11.01"]
[SourceVersion "1"]
[SourceVersionDate "1996.11.01"]
[SourceQuality "1"]

1. e4 c5 2. Nf3 d6 3. d4 cxd4 4. Nxd4 Nf6 5. Nc3 a6 6. f4 e5 7. Nf3 Nbd7 8. a4
Be7 9. Bd3 O-O 10. O-O exf4 11. Kh1 Nh5 12. Nd4 Ndf6 13. Be2 g6 14. Bxh5 Nxh5
15. Nd5 Nf6 16. Bxf4 Nxd5 17. exd5 Bf6 18. Bh6 Re8 19. Qf3 Bxd4 20. Qxf7+ Kh8
21. c3 $2 (21. Rae1 Rxe1 (21... Bf5 22. c3) 22. Rxe1 Bf5 23. c3 $16 Qg8 $8 (
23... Be5 24. Rxe5) (23... Bf6 24. Re8+ $3 Qxe8 25. Qxf6+ Kg8 26. Qg7#)) 21...
Be5 22. Rae1 Rg8 23. Bf8 Bf5 24. Be7 Rg7 25. Qxg7+ Kxg7 26. Bxd8 Rxd8 27. c4
Bd3 0-1

[Event "Belgrade Investbank"]
[Site "Belgrade"]
[Date "1995.??.??"]
[Round "6"]
[White "Leko, Peter"]
[Black "Lautier, Joel"]
[Result "1/2-1/2"]
[WhiteElo "2605"]
[BlackElo "2645"]
[Annotator "ChessBase"]
[PlyCount "64"]
[EventDate "1995.11.??"]
[EventType "tourn"]
[EventRounds "11"]
[EventCountry "YUG"]
[EventCategory "17"]
[SourceTitle "CBM 051"]
[Source "ChessBase"]
[SourceDate "1996.04.01"]
[SourceVersion "1"]
[SourceVersionDate "1996.04.01"]
[SourceQuality "1"]

1. e4 c5 2. Nf3 d6 3. d4 cxd4 4. Nxd4 Nf6 5. Nc3 a6 6. f4 Nbd7 7. Be2 g6 8. O-O
Bg7 9. a4 O-O 10. Kh1 Re8 11. Bf3 e5 12. Nb3 exf4 13. Bxf4 Ne5 14. Be2 Be6 15.
Bg5 h6 16. Bh4 Rc8 17. Nd4 Nc4 18. Nxe6 Rxe6 19. Bxc4 Rxc4 20. Qd3 Rc8 21. Rad1
Qe8 22. Bxf6 Bxf6 23. Nd5 Bg7 (23... Bxb2 24. Rb1 (24. c3 Qc6 $13) 24... Be5
25. Rxb7 $14) 24. Qb3 Rxe4 25. Qxb7 Rxc2 26. Qxa6 Rxa4 27. Qxd6 Qe4 28. Rg1 Rd4
29. Qd8+ Kh7 30. Nf6+ Bxf6 31. Qxf6 Rxd1 32. Qxf7+ Kh8 1/2-1/2

[Event "Rostock-08 IM Group"]
[Site "Rostock"]
[Date "1982.08.20"]
[Round "7"]
[White "Lanc, Alois"]
[Black "Bernard, Ryszard"]
[Result "1-0"]
[WhiteElo "2410"]
[BlackElo "2340"]
[Annotator "ChessBase"]
[PlyCount "73"]
[EventDate "1982.08.14"]
[EventType "tourn"]
[EventRounds "9"]
[EventCountry "DDR"]
[EventCategory "4"]
[SourceTitle "MCL"]
[Source "ChessBase"]
[SourceDate "1999.07.01"]
[SourceVersion "1"]
[SourceVersionDate "1999.07.01"]
[SourceQuality "1"]

1. e4 c5 2. Nc3 d6 3. Nge2 a6 4. d4 cxd4 5. Nxd4 Nf6 6. f4 Qc7 7. a4 e5 8. Nf3
Be7 9. Bd3 O-O 10. O-O b6 11. Kh1 Bb7 12. Qe1 Nbd7 13. Bd2 (13. Nh4) 13... Rfe8
14. Nh4 exf4 15. Bxf4 Ne5 16. Nf5 Bf8 17. Bg5 Nfd7 18. Qg3 Kh8 19. Rf2 Bc6 20.
Raf1 f6 21. Be3 Nc5 22. Bxc5 dxc5 23. Bc4 $1 Qb7 24. Bd5 b5 25. Rf4 Bxd5 26.
Nxd5 bxa4 27. Rh4 Ra7 28. Qh3 h6 29. Nxf6 $1 Qb5 30. c4 $1 Qxc4 31. Ne3 Qe6 32.
Nxe8 Qxe8 33. Rh5 Nf7 34. Rhf5 Kg8 35. e5 g6 36. Qg3 Bg7 37. Qxg6 1-0

[Event "WchT U26 02 fin-A"]
[Site "Mexico City"]
[Date "1980.08.26"]
[Round "3"]
[White "Henao, Raul Fernando"]
[Black "Vera Gonzalez Quevedo, Reynaldo"]
[Result "1-0"]
[WhiteElo "2325"]
[BlackElo "2400"]
[Annotator "De Greiff,B"]
[PlyCount "65"]
[EventDate "1980.08.17"]
[EventType "team-tourn"]
[EventRounds "9"]
[EventCountry "MEX"]
[SourceTitle "MCD"]
[Source "ChessBase"]
[SourceDate "1999.07.01"]
[SourceVersion "1"]
[SourceVersionDate "1999.07.01"]
[SourceQuality "1"]
[WhiteTeam "Columbia"]
[BlackTeam "Cuba"]
[WhiteTeamCountry "COL"]
[BlackTeamCountry "CUB"]

1. e4 c5 2. Nf3 d6 3. d4 Nf6 4. Nc3 cxd4 5. Nxd4 a6 6. f4 Qc7 7. Be2 e5 8. Nb3
Nbd7 9. O-O b5 10. fxe5 dxe5 11. Nd5 $1 Nxd5 12. Qxd5 Nb6 13. Qd3 Be6 14. Qg3
$1 Nc4 15. Kh1 f6 16. a4 b4 {[Mediante h biles maniobras con la dama el blanco
ha logrado evitar que las negras completen su desarrollo en el flanco rey.
Ahora penetran con sus piezas. ]} 17. Nd4 $1 Bf7 18. Nf5 Bg6 19. Qd3 Bf7 20.
Qh3 Qc6 21. Rd1 Nd6 22. Bg4 Rd8 23. Be3 g6 24. Nxd6+ Rxd6 25. Rxd6 Bxd6 26. Bh6
$1 Rg8 27. Rf1 Qxc2 28. Be6 Qxa4 29. b3 Qa5 30. Bxf7+ Kxf7 31. Bg5 Be7 32. Bxf6
Qb5 ({Naturalmente que si} 32... Bxf6 33. Qd7+ {gana f cilmente. En apuro de
tiempo Vera permite un fin aún m s r pido.}) 33. Qxh7+ {[Comentarios: IM Boris
De Greiff. (1980). COL. / Fuente: De Greiff, Boris. (31-08-1980, p gina 2-C).
Art culo "Algo Sensacional". Columna Alfil-Dama. Sección Deportes. Diario EL
TIEMPO. Casa editora El Tiempo. Bogot , Colombia. ]} 1-0

[Event "Moscow International-A"]
[Site "Moscow"]
[Date "1985.04.??"]
[Round "?"]
[White "Dolmatov, Sergey"]
[Black "Polugaevsky, Lev"]
[Result "1/2-1/2"]
[WhiteElo "2540"]
[BlackElo "2625"]
[Annotator "Dolmatov,S"]
[PlyCount "102"]
[EventDate "1985.04.12"]
[EventType "tourn"]
[EventRounds "11"]
[EventCountry "URS"]
[EventCategory "13"]
[SourceTitle "MCL"]
[Source "ChessBase"]
[SourceDate "1999.07.01"]
[SourceVersion "1"]
[SourceVersionDate "1999.07.01"]
[SourceQuality "1"]

1. e4 c5 2. Nf3 d6 3. d4 cxd4 4. Nxd4 Nf6 5. Nc3 a6 6. f4 Qc7 7. a4 (7. Qf3 $5)
7... g6 8. Bd3 (8. Nf3 $6 Bg4 9. Bd3 Nc6 10. h3 Bxf3 11. Qxf3 Bg7 12. O-O O-O
13. Bd2 e6 14. Ne2 Rac8 15. Kh1 e5 $10 {Karpov,A-Kuzmin,G/URS/1973/ Inf 16/448/
}) 8... Bg7 9. Nf3 Nc6 10. O-O Bg4 11. Qe1 Bxf3 12. Rxf3 Nb4 13. Kh1 Nd7 $5 14.
Nd5 Nxd5 15. exd5 Nc5 (15... Nb6 $6 16. Qe4 f5 17. Qe6 Qc8 18. a5 Qxe6 19. dxe6
$14) 16. Bf1 O-O 17. Raa3 (17. f5 b5 $1 $13) (17. a5 $14) 17... f5 $1 18. a5
Rae8 $2 (18... e5 $1 19. dxe6 d5 $13) 19. Bc4 Ne4 $6 20. Qe2 Bd4 21. Ra4 $5 $16
Nc5 22. Ra1 Kh8 23. c3 Bf6 24. Be3 Rc8 25. Qd1 $1 $16 {/\ Bd4} Ne4 26. Bb3 Nc5
27. Bc2 Qd7 28. Bd4 e5 29. dxe6 Qxe6 30. Re3 Qf7 (30... Ne4 31. Kg1 $16 {/\ Bb3
}) 31. Bxf6+ Qxf6 32. Qd5 Rce8 33. Rae1 Rxe3 34. Rxe3 Rf7 35. h3 $1 (35. b4 $2
Ne4 36. Bxe4 fxe4 37. Rxe4 Qxc3 $132) 35... Kg7 (35... Re7 36. Rxe7 Qxe7 37.
Qd4+ Kg8 38. b4 Ne6 39. Bb3 $18) 36. b4 Ne4 37. Bxe4 fxe4 (37... Re7 38. Kh2
$16 (38. Re2 $6 Qxc3 39. Bd3 Rxe2 40. Bxe2 Qe1+ 41. Kh2 Qxe2 42. Qxb7+ Kh6 $16)
) 38. Rxe4 Qxc3 39. Qxd6 h5 40. h4 $2 (40. Qd4+ $18) (40. Re7 $18) 40... Qf6 $1
41. Qe5 $2 (41. Qd4 b6 42. axb6 Rb7 $14) 41... Qxe5 42. fxe5 $10 Rf5 43. g4 (
43. Rd4 Rxe5 44. Rd7+ Kf6 45. Rxb7 Re4 46. g3 g5 47. Rb6+ Kf5 48. hxg5 Kxg5 $10
) 43... hxg4 44. Kg2 Kf7 45. Kg3 Ke6 46. Rxg4 Kf7 47. Rg5 (47. Rf4 Ke6 $10)
47... Rf1 48. e6+ Kf6 49. Re5 Ke7 50. Kg4 Rg1+ 51. Kf3 Rf1+ (51... Rf1+ 52. Ke3
Rb1 53. Re4 Re1+ 54. Kd4 Rxe4+ 55. Kxe4 Kxe6 $10) 1/2-1/2

[Event "Hoogovens-B"]
[Site "Wijk aan Zee"]
[Date "1997.02.01"]
[Round "10"]
[White "Nijboer, Friso"]
[Black "Dao, Thien Hai"]
[Result "1/2-1/2"]
[WhiteElo "2555"]
[BlackElo "2555"]
[Annotator "Ernst,T"]
[PlyCount "192"]
[EventDate "1997.01.21"]
[EventType "tourn"]
[EventRounds "11"]
[EventCountry "NED"]
[EventCategory "10"]
[SourceTitle "CBM 057"]
[Source "ChessBase"]
[SourceDate "1997.04.01"]
[SourceVersion "1"]
[SourceVersionDate "1997.04.01"]
[SourceQuality "1"]

1. e4 c5 2. Nf3 d6 3. d4 cxd4 4. Nxd4 Nf6 5. Nc3 a6 6. f4 Qc7 7. Qf3 e5 8. Nb3
Be7 (8... Nbd7 9. g4 $1 exf4 10. g5 Ne5 11. Qxf4 Nh5 12. Qf2 Be6 13. Be2 g6 14.
Be3 b5 15. Nd5 {1-0 Anka,E-Behl,T/Budapest FS08 IM 1996/EXT 96b (36)}) 9. Bd3
O-O 10. O-O Nbd7 $2 (10... exf4 $142) 11. g4 $1 exf4 12. g5 Ne5 13. Qxf4 Ne8
14. Nd5 Qd8 15. Bd2 Nc7 (15... Be6 $2 16. Ba5 Bxg5 (16... Qd7 17. Nb6) 17. Qg3
Bh4 18. Bxd8 Bxg3 19. Be7 Nxd3 20. cxd3 Bxd5 21. hxg3 Bxb3 22. axb3 $18) 16.
Nf6+ $1 Kh8 17. Kh1 (17. Qh4 $4 gxf6 18. gxf6 Rg8+ 19. Kh1 Bf8 $19) 17... Ng6
18. Qf3 Ne5 19. Qf2 d5 $1 (19... gxf6 20. gxf6 Ng4 21. Qh4 Nxf6 22. e5 (22. Bc3
$5) 22... dxe5 23. Rxf6 Qd5+ 24. Be4 Qxe4+ 25. Qxe4 Bxf6 $18) 20. Qh4 gxf6 21.
gxf6 Bd6 22. Bh6 $1 Ng6 23. Bg7+ Kg8 24. Qh6 Be5 25. Rae1 d4 $1 (25... Ne8 $2 {
>< g7} 26. exd5 Qxd5+ 27. Be4 Qd6 28. Bxg6 fxg6 29. Bxf8 Qxf8 30. f7+ $18) 26.
Rf3 {/\ h2-h4-h5} (26. Rf5 $5 {/\ Rh5} Bxf5 27. exf5 Bxf6 28. fxg6 fxg6 29.
Bc4+ Rf7 30. Bxf7+ Kxf7 31. Bxf6 $40) (26. h4 Ne8 {>< f6}) 26... Ne8 27. Ref1
Qd6 28. Nd2 $1 b5 29. h4 Bg4 30. h5 Bxf3+ 31. Nxf3 Bf4 (31... Bxf6 32. hxg6
fxg6 33. Bxf6 $1 Qxf6 34. Ng5 Qg7 $6 35. Rxf8+ Kxf8 36. Ne6+ $18) 32. hxg6 Bxh6
33. gxh7+ Kxh7 34. e5+ Kg8 35. Bxh6 $3 Qd5 (35... Qc5 $142 $13) 36. Rg1+ Kh8
37. Rg3 Qc5 38. Rh3 Kg8 39. Rg3+ Kh8 40. Rh3 Kg8 41. Bh7+ $1 Kh8 42. Be4 Kg8
43. Rg3+ (43. Bxa8 $142 $1 Nxf6 44. exf6 Rxa8 (44... Qf5 45. Rg3+ Kh8 46. Bxf8)
45. Bg7 $18) 43... Kh8 44. Bxa8 $2 (44. Rh3 Kg8 45. Bxa8 $1 $18) 44... Nxf6 45.
Bg7+ Kh7 46. Ng5+ Kxg7 47. Ne6+ Kh6 48. Nxc5 (48. Rh3+ Nh5 49. Rxh5+ Kxh5 50.
Bf3+ Kh4 51. Nxc5 Kg3 $13) 48... Nh5 49. Rf3 $1 Rxa8 50. Rxf7 Rc8 51. b4 a5 52.
a3 axb4 53. axb4 Kg6 54. Rf2 $1 Re8 55. Nd3 Kg5 56. Kg2 Rc8 57. e6 $4 (57. Re2
Kf5 58. e6 Ng7 59. Nc5 Re8 60. Kf3 $18) 57... Re8 58. Re2 Kf6 59. Kf3 Rxe6 60.
Re4 Rxe4 61. Kxe4 Ke6 62. Kxd4 Kd6 63. Nc5 Nf4 64. Ne4+ Kc6 65. Ke5 Nd5 66. c3
Ne3 67. Nf6 Nc4+ 68. Ke6 Nb6 69. Ke5 Nc4+ 70. Kf5 Kd6 71. Ke4 Nb6 72. Kd4 Kc6
73. Ng4 Kd6 74. Ne3 Kc6 75. Ke5 Nd7+ 76. Ke6 Nb6 77. Nf5 Na4 78. Nd4+ Kb6 79.
Ne2 Kc6 80. Ke5 Kc7 81. Kd5 Kd7 82. Kd4 Kd6 83. Ng3 Kc6 84. Nf5 Nb6 85. Ng7 Kd6
86. Ne8+ Kc6 87. Nf6 Kd6 88. Ne4+ Kc6 89. Nc5 Kd6 90. Nb3 Kc6 91. Ke5 Na4 92.
Na5+ Kb6 93. Kd4 Nb2 94. c4 bxc4 95. Nxc4+ Kb5 96. Nxb2 Kxb4 1/2-1/2

[Event "GER-ARM"]
[Site "Baden-Baden"]
[Date "1996.??.??"]
[Round "3"]
[White "Kindermann, Stefan"]
[Black "Petrosian, Arshak B"]
[Result "1-0"]
[WhiteElo "2530"]
[BlackElo "2480"]
[Annotator "Ernst,T"]
[PlyCount "171"]
[EventDate "1996.07.31"]
[EventType "match"]
[EventRounds "4"]
[EventCountry "GER"]
[SourceTitle "CBM 055"]
[Source "ChessBase"]
[SourceDate "1996.12.01"]
[SourceVersion "1"]
[SourceVersionDate "1996.12.01"]
[SourceQuality "1"]
[WhiteTeam "Germany"]
[BlackTeam "Armenia"]
[WhiteTeamCountry "GER"]
[BlackTeamCountry "ARM"]

1. e4 c5 2. Nf3 d6 3. d4 cxd4 4. Nxd4 Nf6 5. Nc3 a6 6. f4 e5 7. Nf3 Nbd7 8. a4
Qc7 9. Bd3 Be7 (9... g6 10. O-O Bg7 11. Qe2 (11. Qe1 $5 b6 (11... O-O 12. Qh4
$36) 12. Qh4 Bb7 13. fxe5 dxe5 14. Bh6 O-O 15. Ng5 Rae8 16. Rf2 $6 (16. g4 $5)
16... Nh5 $1 17. Bxg7 Kxg7 $13 {Zhidkov,V-Kondratjev,P/URS/1962/0:1 (33)}) (11.
Kh1 $6 b6 12. Qe1 Bb7 13. Be3 $6 (13. Qh4 $142 O-O 14. fxe5 dxe5 15. Bh6 Nh5
16. Bxg7 Kxg7 17. Ng5 Ndf6 $13) 13... O-O 14. Qh4 Rae8 15. fxe5 dxe5 16. Nd2
Nh5 17. Bc4 Nf4 $1 18. Ne2 $2 (18. Bxf4 $142) 18... Bxe4 $1 19. Nxf4 exf4 20.
Bxf4 Qc6 21. Nxe4 Rxe4 22. Bxa6 Bxb2 $17 {0-1 Dolmatov,S-Tseshkovsky,V/Erevan
zt (09) ;MCL 06 1982 (40)}) 11... b6 12. Bc4 Bb7 13. f5 O-O 14. fxg6 hxg6 15.
Ng5 Rac8 16. Bxa6 {1-0 Tseshkovsky,V-Piesina,G/URS-ch sf Barnaul ;MCD-ch 1984 
(30)}) (9... b6 10. O-O Be7 (10... Bb7 11. Qe2 (11. Qe1 g6 12. Kh1 Bg7 13. fxe5
(13. Qh4 O-O 14. f5 gxf5 15. Ng5 f4 16. Rxf4 exf4 17. e5 h6 18. exf6 Nxf6 19.
Bxf4 hxg5 20. Bxg5 Rfe8 21. Bxf6 Bxf6 22. Qxf6 Qe7 {Penrose,J-Gligoric,S/
Madrid zt (08) ;MCD-r6 1960/0-1 (56)}) 13... dxe5 14. Qh4 h6 15. Bd2 Nh5 16. b3
O-O 17. Bc4 Ndf6 18. Rae1 Rad8 19. h3 Qc5 20. Be3 Qa5 21. Nd5 Nxd5 22. exd5
Bxd5 {Degerman,L-Spassov,L/Hamburg op (02) ;MCD-op 1984/0-1 (77)}) 11... Be7
12. fxe5 dxe5 (12... Nxe5 $5) 13. Nh4 g6 14. Bh6 Bf8 15. Bxf8 Kxf8 16. Bc4 $14
(16. Rf3 {Kharitonov} Kg7 17. Raf1 Rhf8 18. Bc4 $16) 16... Kg7 17. Rad1 Rhf8
18. Rf3 b5 19. axb5 axb5 20. Bxb5 Rad8 21. Bxd7 Rxd7 22. Rxd7 Qxd7 23. Rf2 Ra8
24. h3 {Dolmatov,S-Tukmakov,V/Erevan zt (11) ;MCL 06 1982/1/2-1/2 (34)}) 11.
Qe1 O-O 12. Nh4 Nc5 13. fxe5 dxe5 14. Nf5 Bxf5 15. Rxf5 Nxd3 16. cxd3 b5 17.
Qg3 b4 18. Bh6 g6 19. Ne2 Rfe8 20. Rc1 Qd6 21. Rcf1 Bd8 22. R5f3 Qe6 23. h3 Rc8
24. Qe1 Rc2 25. Ng3 {Bielczyk,J-Kengis,E/Riga (03) ;MCD-r8 1981/0-1 (39)}) 10.
O-O exf4 11. Bxf4 Ne5 12. Qd2 (12. Qe1 $5) (12. Kh1 Be6 13. Nd4) (12. Nd5 Nxd5
13. exd5 Bg4 14. Be2 Bxf3 15. Bxf3 Bf6 16. Kh1 O-O 17. c3 Ng6 {1/2-1/2
Mossakowski,F-Domotor,J/Balatonbereny op (04) ;EXT 94op 1994}) 12... Be6 13.
Kh1 O-O 14. Nd4 Rfe8 15. Be3 Rac8 16. Nf5 Bxf5 (16... Bf8 $5) 17. Rxf5 Nc4 18.
Bxc4 Qxc4 19. Bd4 Qe6 20. Qd3 (20. Raf1 $2 Nxe4 21. Nxe4 Qxe4 22. Rxf7 Bf6)
20... Bd8 $2 (20... Qc4 $142) 21. Raf1 Nxe4 22. Bxg7 (22. Rxf7 $5 Bf6 23. Rxb7
Nc5) 22... Nc5 $8 23. Qg3 (23. Qd4 $2 Qxf5) (23. Qf3 $5 Kxg7 24. Rxf7+ Kh8 25.
Qh5 h6 26. Nd5 Bg5 $13) 23... Qg6 24. Rxf7 Qxg3 25. hxg3 Re1 $1 26. Bh6 Rxf1+
27. Rxf1 Ne6 28. Ne2 $1 $16 Bg5 (28... Rxc2 $2 29. Nd4) 29. Bxg5 Nxg5 30. c3
Ne4 31. Kh2 Re8 32. Nd4 Nc5 33. a5 Nd3 34. b3 Rc8 35. c4 Nc5 $22 36. Rf6 Rd8
37. b4 $2 $138 Nd3 38. b5 Ne5 39. Rf4 Re8 $2 (39... Nxc4 40. bxa6 Nxa5 $10) 40.
Nf5 Re6 41. Rd4 Nf7 42. b6 $16 Kf8 43. c5 (43. g4 $1 Re5 (43... Ke8 $2 44. Ng7+
) 44. Nxd6 Nxd6 45. Rxd6 Rxa5 (45... Ke7 46. Rh6) 46. Rd7 Rc5 47. Rc7 $18)
43... Re5 (43... dxc5 44. Rd7 Ne5 45. Rxb7 Nc6 46. Rxh7 Nxa5 47. b7 $18) 44. c6
$1 bxc6 45. Rb4 $1 (45. Nxd6 Nxd6 46. Rxd6 Ke7 $10) (45. Rf4 Ke8 46. Rb4 Nd8
47. Nxd6+ Kd7 48. b7 Nxb7 49. Nxb7 Kc7 $13) 45... Re8 46. Rf4 $1 Kg8 47. b7 Rb8
48. Ne7+ Kf8 {[#]} 49. Rxf7+ Kxf7 50. Nxc6 Rxb7 51. Nd8+ Ke7 52. Nxb7 Kd7 53.
g4 Kc7 54. Nxd6 Kxd6 55. Kg3 Kc5 56. Kh4 Kb5 57. Kh5 Kxa5 58. Kh6 Kb6 59. Kxh7
a5 60. g5 a4 61. g6 a3 62. g7 a2 63. g8=Q a1=Q $18 64. Qg6+ Ka5 65. Qf5+ Ka6
66. g4 Qh1+ 67. Kg7 Qb7+ 68. Qf7 Qg2 69. Qf6+ Ka5 70. g5 Qb7+ 71. Kg6 Qg2 72.
Qe6 Qh1 73. Kg7 Qb7+ 74. Kf6 Qh1 75. g6 Qh4+ 76. Kg7 Qd4+ 77. Kf7 Qf2+ 78. Ke7
Qa7+ 79. Kf6 Qb8 80. Qe7 Qb6+ 81. Kf7 Qb3+ 82. Kf8 Qf3+ 83. Kg8 Qd5+ 84. Kg7
Qd4+ 85. Kf7 Qd3 $138 86. Qe5+ $138 {...} 1-0